HerdEiras : de Andrea Jiménez de Andrea Jiménez
Descripción Física:
1 targeta postal ; il. col. ; 11 x 15 cm
Idioma:
Catalán
MARC
| LEADER | 00000nkm a22000007a 4500 | ||
|---|---|---|---|
| 001 | 27689 | ||
| 003 | Arxiu | ||
| 005 | 20260324181513.0 | ||
| 008 | 230411b spa||||| |||| 00| 0 cat d | ||
| 017 | |a B 9883-2019 | ||
| 040 | |a agdb |b cat | ||
| 245 | |a HerdEiras : |b de Andrea Jiménez | ||
| 260 | |a Barcelona : |b Institut del Teatre ; |c 2019 | ||
| 300 | |a 1 targeta postal ; |b il. col. ; |c 11 x 15 cm | ||
| 490 | |a Dansa - Curs 2018-19. Coreografia i interpretació | ||
| 500 | |a Postal de l'espectacle de dansa "HerdEiras", representat els dies 12 i 13 d'abril de 2019 al Teatre Estudi de l'Institut del Teatre. | ||
| 650 | 0 | |9 21513 |a Teatre |x Barcelona (Catalunya) | |
| 650 | 0 | |2 Arxiu |9 30511 |a Teatre |x Ensenyament | |
| 655 | 0 | |9 52685 |a Targetes postals | |
| 710 | 1 | |9 52662 |a Institut del Teatre (Barcelona, Catalunya) | |
| 942 | |2 udc |c ARXIU |n 1 | ||
| 952 | |0 0 |1 0 |2 udc |4 0 |6 NBM1729 |7 1 |9 66070 |a Arxiu |b Arxiu |d 2023-04-11 |l 0 |o NBM-17-29 |p 27689 |r 2023-04-11 00:00:00 |w 2023-04-11 |y ARXIU | ||
| 999 | |c 83347 |d 83347 | ||